| 000 | 00644nam a22001457a 4500 | ||
|---|---|---|---|
| 008 | 140714b xxu||||| |||| 00| 0 eng d | ||
| 020 | _a9964302738 | ||
| 050 | _aH62,OP5 | ||
| 100 | _aOpuku J Y | ||
| 245 |
_aA short guide to research writing in the social sciences and education. / _cJ Y Opoku. |
||
| 260 |
_aAccra: _bGhana university press, _c2012. |
||
| 300 |
_a108p: _bill.; _c19cm. |
||
| 505 | _aContents: The research proposal -- General introduction to the research -- Methodology -- Analysis of data and presentation of results -- Discussion,conclusions and additional information -- Appendices -- Recommended reading | ||
| 942 |
_2lcc _cBK |
||
| 999 |
_c3130 _d10630 |
||